New Direction for Economic Development in Africa (Record no. 475)

MARC details
005 - DATE AND TIME OF LATEST TRANSACTION
control field 20250312123826.0
020 ## - INTERNATIONAL STANDARD BOOK NUMBER
International Standard Book Number 0 903274 06 X
082 ## - DEWEY DECIMAL CLASSIFICATION NUMBER
Classification number 330.09603 OKW
100 ## - MAIN ENTRY--PERSONAL NAME
Author name OKWUOSA, E. A.
245 ## - TITLE STATEMENT
Title New Direction for Economic Development in Africa
260 ## - PUBLICATION, DISTRIBUTION, ETC.
Place of publication, distribution, etc. London,
Name of publisher, distributor, etc. Africa books,
Date of publication, distribution, etc. 1976.
300 ## - PHYSICAL DESCRIPTION
Extent 222p.: ill.; table.
Other physical details References.
Dimensions 24cm.
942 ## - ADDED ENTRY ELEMENTS (KOHA)
Source of classification or shelving scheme Dewey Decimal Classification
Koha item type Books
Holdings
Date last seen Total checkouts Full call number Barcode Cost, replacement price Price effective from Koha item type Lost status Source of classification or shelving scheme Damaged status Not for loan Withdrawn status Home library Current library Shelving location Date acquired Cost, normal purchase price
03/12/2025   330.096 OKW 0000001833 30000.00 03/12/2025 Books   Dewey Decimal Classification       College of Business Education Main Library College of Business Education Main Library General Collection 01/26/1978 10000.00
03/12/2025   330.096 OKW 0000001834 30000.00 03/12/2025 Books   Dewey Decimal Classification       College of Business Education Main Library College of Business Education Main Library General Collection 01/26/1978 10000.00
03/12/2025   330.096 OKW 0000001835 30000.00 03/12/2025 Books   Dewey Decimal Classification       College of Business Education Main Library College of Business Education Main Library General Collection 01/26/1978 10000.00
03/12/2025   330.096 OKW 0000001836 30000.00 03/12/2025 Books   Dewey Decimal Classification       College of Business Education Main Library College of Business Education Main Library General Collection 01/26/1978 10000.00
05/07/2025   LECT 330.96 OKW 0000007919 30000.00 05/07/2025 Books   Dewey Decimal Classification       College of Business Education Main Library College of Business Education Main Library General Collection 01/26/1978 10000.00